| 000 | 00718nam a2200241Ia 4500 | ||
|---|---|---|---|
| 001 | dia_1087 | ||
| 003 | CHAP | ||
| 005 | 20221129180411.0 | ||
| 008 | 220117sS.P. xx 000 0 und d | ||
| 010 | _a171633 | ||
| 040 | _cCHAP | ||
| 082 | _a338.980 C66 | ||
| 110 |
_aCorporación Financiera Internacional _9150002 |
||
| 245 |
_aLa CFI en América Latina / _c por la Corporación Financiera Internacional |
||
| 260 |
_aS.P.I. _cS.P. |
||
| 300 | _a95 p. | ||
| 410 | _aMIEMBRO DEL GRUPO DEL BANCO MUNDIAL | ||
| 610 |
_a1.Corporación Financiera Internacional _9150003 |
||
| 901 | _a338.980 C66 | ||
| 902 | _aM | ||
| 905 | _a000000S.P.I SP X 0000000000SPA00 | ||
| 942 |
_cLIBRO _2ddc |
||
| 999 |
_c171633 _d171633 |
||